000 00611nam a2200205Ia 4500
005 20250923145016.0
008 008 250917s9999 xx 000 0 eng d
037 _aTextual
040 _aDSWL
_beng
_cDSWL
041 _aeng
_2eng
084 _aYX,Z1-z4;6-B20wZ.73, N63
_qDSWL
100 _aWitmer, Helen L.
_9830815
245 0 _aIndependent adoptions
_cby Helen L. Witmer
260 _aNew York
_b Russell Sage Foundation
_c1963
300 _ax,304 p.
365 _aINR
_b7.5
925 _g7.5
942 _cTEXL
_hYX,Z1-z4;6-B20wZ.73, N63
999 _c1446004
_d1446004